000 00341nam a22001457a 4500
020 _a670482242
082 _a629.226
_bMOB
245 _aMobile Homes
250 _a1st
260 _aNew York
_bGrossman
_c1975
300 _axv, 220. P:
_bill.
_c22cm
526 _a0
_b0
_c0
_d629_226000000000000_MOB
650 _aMCE
_9379
942 _2ddc
_cBK
999 _c548293
_d548293